000 01450cam a2200253 4500500
005 20260201101733.0
041 _afre
042 _adc
100 1 0 _aCarrade, Jean-Baptiste
_eauthor
245 0 0 _aQuel bonheur pour nos enfants ?
260 _c2008.
500 _a28
520 _aRésuméLa question du bonheur des enfants n’a pas toujours préoccupé les adultes. On s’aperçoit de nos jours qu’à trop s’en soucier, on n’évite pas un grand nombre d’inquiétudes sur eux et leur avenir, comme si l’idée que nous nous faisons de leur bonheur ne dépendait que des soins que nous leur fournissons et qui ne sont pas toujours adéquats. Ce que nous imaginons sur cette question (et qui alimente des débats parfois inquiétants) n’est peut-être pas aussi certain qu’il nous paraît si nous acceptons que dans les déterminants du bien-être intérieur, il y a aussi la responsabilité de chaque sujet qui est engagée, qu’il soit enfant ou non. La condition à préserver prioritairement est donc qu’il y ait du sujet qui ait quelque chose à dire de son énigme.
690 _afamille
690 _agestion
690 _amalaise
690 _amasse
690 _apère
690 _aréalité
690 _astructure
690 _asujet
786 0 _nEmpan | 71 | 3 | 2008-11-21 | p. 100-108 | 1152-3336
856 4 1 _uhttps://shs.cairn.info/revue-empan-2008-3-page-100?lang=fr&redirect-ssocas=7080
999 _c1640999
_d1640999